Atlas CCCP. (Record no. 172433)

MARC details
000 -LEADER
campo de control de longitud fija 00683nam a2200193 i 4500
001 - NÚMERO DE CONTROL
campo de control 172433
003 - IDENTIFICADOR DE NÚMERO DE CONTROL
campo de control ES-MaACL
005 - FECHA Y HORA DE LA ÚLTIMA TRANSACCIÓN
campo de control 20230906214919.0
008 - DATOS DE LONGITUD FIJA--INFORMACIÓN GENERAL
campo de control de longitud fija 090706s1955 ru |||| | rus d
080 ## - NÚMERO DE LA CLASIFICACIÓN DECIMAL UNIVERSAL
Número de la Clasificación Decimal Universal 913(47+57)(084.3)
110 2# - ENTRADA PRINCIPAL--NOMBRE DE ENTIDAD CORPORATIVA
Nombre de entidad corporativa o nombre de jurisdicción como elemento de entrada Unión Soviética.
Unidad subordinada Glavnoe Upravlenie Geodezii i Kartografii.
9 (RLIN) 140961
245 10 - MENCIÓN DEL TÍTULO
Título Atlas CCCP.
250 ## - MENCION DE EDICION
Mención de edición 2. ed.
260 ## - PUBLICACIÓN, DISTRIBUCIÓN, ETC.
Lugar de publicación, distribución, etc. Moskva :
Nombre del editor, distribuidor, etc. [Glavnoe upravlenie geodezii i kartografii],
Fecha de publicación, distribución, etc. 1955.
300 ## - DESCRIPCIÓN FÍSICA
Extensión 1 atlas (147 p.) :
Otras características físicas principalmente il. col. map. ;
Dimensiones 27 cm.
546 ## - NOTA DE IDIOMA
Nota de lengua/lenguaje Texto en cirílico.
651 #4 - PUNTO DE ACCESO ADICIONAL DE MATERIA--NOMBRE GEOGRÁFICO
Nombre geográfico Unión Soviética-
Subdivisión de forma Mapas.
9 (RLIN) 140964
852 ## - LOCALIZACIÓN
Ubicación ES-MaACL
Número de control de estantería E-12750
itemnumber R.143384
Nota libre .- Biblioteca Jacinto Martínez Lacalle
Holdings
Estatus retirado Estado de pérdida Estado de daño No para préstamo Biblioteca de origen Biblioteca actual Ubicación en estantería Fecha de adquisición Fuente de adquisición Total de préstamos Signatura topográfica completa Código de barras Visto por última vez Precio de reemplazo Tipo de ítem Koha
        Biblioteca del Ateneo de Madrid Biblioteca del Ateneo de Madrid Depósito 2 06/07/2009     E-12750 1180955 23/02/2023 23/02/2023 Libro impreso